000 01092cam a2200325 a 4500
999 _c11185
_d11185
001 15068649
003 OSt
005 20191218144936.0
008 070928s2008 ii a bs 001 0 eng
010 _a 2007375312
020 _a9788183871334
025 _aI-E-2007-375312; 79-24
035 _a(IN-NdUBS)UBS07002631
037 _bLibrary of Congress -- New Delhi Overseas Office
_cRs895.00
040 _aDLC
_cDLC
_dDLC
042 _alcode
043 _aa-ii---
050 0 0 _aHC437.K4
_bK475 2008
082 _a338.95483
_bMEE/K
245 0 0 _aKerala economy :
_bslumber to performance /
_cedited by Meera Bai M.
260 _aNew Delhi :
_bSerials Publications,
_c2008.
300 _aix, 306 p. :
_bill. ;
_c23 cm.
500 _aIncludes statistical tables.
504 _aIncludes bibliographical references and index.
651 0 _aKerala (India)
_xEconomic policy.
700 _aBai M, Meera
_9537
906 _a7
_bcbc
_corigode
_d3
_encip
_f20
_gy-gencatlg
942 _2ddc
_cBK
_h338.95483
_iMEE/K
_k338.95483
_mMEE/K